000 00794nam a2200205 a 4500
003 0
005 20250224091701.0
008 101112s19uu xx 00 eng d
050 _aPHS BF 632
_b.M58 2010
100 _aMita, Takuya Rafael Q.
245 _aLocus of control of parents of children with learning, mental, and physical disabilities /
_cTakuya Rafael Q. Mita.
260 _aLas PiƱas City, Philippines :
_bSouthville International School and Colleges,
_c2010.
300 _a34 pages :
_billustrations ;
_c30 cm.
504 _aIncludes bibliographical references.
650 _aLocus of control (Psychology).
650 _aParents of children with disabilities
_xPsychology.
650 _aLearning disabilities.
650 _aParenting
_xPsychological aspects.
942 _2lcc
_cPASS
999 _c98491
_d98491